Countries That Don't End With A - Statistics

General Stats
  • This quiz has been taken 24 times
  • The average score is 95 of 123
Answer Stats
Hint Hint Hint Country % Correct
fi 437 52 Finland
100%
lu 394.3 94.2 Luxembourg
100%
be 391.0 91.0 Belgium
94%
br 266 294 Brazil
94%
dk 401.5 73.5 Denmark
94%
fr 386 105 France
94%
de 404.0 89.9 Germany
94%
is 341 43 Iceland
94%
ie 363.0 82.5 Ireland
94%
it 416.4 124.2 Italy
94%
nl 393 86.9 Netherlands
94%
no 401.7 57 Norway
94%
pt 361.7 127.6 Portugal
94%
kn 239.4 203.4 Saint Kitts and Nevis
94%
es 372 127.5 Spain
94%
se 414.3 60.5 Sweden
94%
tr 460.3 130.6 Turkey
94%
gb 377 86 United Kingdom
94%
va 408.5 120.7 Vatican City
94%
td 422.6 209.4 Chad
88%
cl 218 384 Chile
88%
ec 204.0 265.5 Ecuador
88%
eg 447.0 171.3 Egypt
88%
gr 430 129 Greece
88%
hu 424.4 103.1 Hungary
88%
jo 462.3 158.9 Jordan
88%
py 248.9 339.7 Paraguay
88%
pe 208 292 Peru
88%
sm 408.5 113.9 San Marino
88%
sr 254.4 248.1 Suriname
88%
th 608.0 207.9 Thailand
88%
uy 254.9 370.2 Uruguay
88%
bs 209.0 180.9 Bahamas
82%
bb 246.5 217.0 Barbados
82%
bz 180.9 203.6 Belize
82%
bi 447.8 272.6 Burundi
82%
cd 433.0 267.2 Democratic Republic of the Congo
82%
dj 476.4 221.6 Djibouti
82%
do 221 197 Dominican Republic
82%
jp 693.3 140.0 Japan
82%
xk 427.5 118.5 Kosovo
82%
mx 151.0 182.0 Mexico
82%
mc 397.2 114.5 Monaco
82%
ma 366.0 153.5 Morocco
82%
pl 423.6 87.1 Poland
82%
cg 416.9 260.5 Republic of the Congo
82%
vc 242.7 216.8 Saint Vincent and the Grenadines
82%
ye 488.3 208.2 Yemen
82%
af 528.0 149.2 Afghanistan
76%
az 487.6 125.0 Azerbaijan
76%
bd 583.0 181.8 Bangladesh
76%
by 443.4 81.2 Belarus
76%
bj 385.7 225.0 Benin
76%
bt 584.1 169.4 Bhutan
76%
cv 326.7 206.9 Cape Verde
76%
km 479.4 301.4 Comoros
76%
sv 180.4 215.0 El Salvador
76%
ir 501.3 152.5 Iran
76%
iq 478.8 149.9 Iraq
76%
kw 487.0 162.9 Kuwait
76%
la 610.3 194.9 Laos
76%
lb 461.7 146.8 Lebanon
76%
ls 444.0 360.5 Lesotho
76%
li 402.0 103.1 Liechtenstein
76%
mg 486.0 324.3 Madagascar
76%
ml 377 202.2 Mali
76%
mu 510.1 329.1 Mauritius
76%
me 423.7 117.8 Montenegro
76%
ne 403.3 203.9 Niger
76%
om 509.33 187.2 Oman
76%
pk 535.7 164.2 Pakistan
76%
sn 347 212 Senegal
76%
sb 742.1 295.0 Solomon Islands
76%
ss 449.6 239.5 South Sudan
76%
sd 448.5 209.5 Sudan
76%
tj 545.2 133.5 Tajikistan
76%
tg 383.0 232.4 Togo
76%
tt 242.5 226.6 Trinidad and Tobago
76%
ae 502.0 182.5 United Arab Emirates
76%
cz 414.0 93.8 Czech Republic
71%
cf 427.6 239.0 Central African Republic
71%
sz 451.3 350.1 Eswatini
71%
fj 782.9 320.1 Fiji
71%
ht 218 196 Haiti
71%
hn 184.5 210.7 Honduras
71%
il 459.0 157.0 Israel
71%
kz 533.0 100.0 Kazakhstan
71%
mh 760.6 232.2 Marshall Islands
71%
nz 776.7 391.9 New Zealand
71%
qa 495.7 176.2 Qatar
71%
sc 506.5 276 Seychelles
71%
ch 398.4 103.5 Switzerland
71%
tm 513.0 130.6 Turkmenistan
71%
ua 450.6 96.0 Ukraine
71%
us 153 129 United States
71%
uz 525 122.5 Uzbekistan
71%
vn 624.3 219.9 Vietnam
71%
bn 638.6 246.1 Brunei
65%
cm 407.0 247.0 Cameroon
65%
cy 455.3 143.7 Cyprus
65%
st 395.5 260.6 São Tomé and Príncipe
65%
ki 21.0 272.0 Kiribati
65%
kg 548.0 122.0 Kyrgyzstan
65%
mw 456.0 307.0 Malawi
65%
nr 755 264 Nauru
65%
pw 680.5 241.3 Palau
65%
ph 657 220.6 Philippines
65%
tw 652.9 182.1 Taiwan
65%
tv 785 295.3 Tuvalu
65%
vu 759 318.6 Vanuatu
65%
zw 447.0 325.0 Zimbabwe
65%
bf 377.0 219.0 Burkina Faso
59%
tl 664.3 290.8 East Timor
59%
ga 406.5 264 Gabon
59%
ci 368.0 235.9 Ivory Coast
59%
mv 545.9 248.9 Maldives
59%
mz 467 309.5 Mozambique
59%
mm 597.0 188.5 Myanmar
59%
np 569.8 166.5 Nepal
59%
bh 494.3 174.0 Bahrain
53%
gw 347.7 220.3 Guinea-Bissau
53%
sl 354.0 232.9 Sierra Leone
53%
sg 614.2 256.7 Singapore
41%
No matching quizzes found
Score Distribution
Percent of People with Each Score
Percentile by Number Answered
Your Score History
You have not taken this quiz